000 00496nam a2200145 a 4500
008 120416s1987 ||||||||||||||||| || u
020 _a0442317786
050 _aTK 7868.P6 Bra
100 _aBradley, D. A
245 1 0 _aPower Electronics
260 _aWokingham
_bVan Nostrand Reinhold
_c1987
300 _aviii, 166p. : ill
350 _a0.00
995 _D0.00
_FCBU-MAIN LIBRARY (Kitwe)
_H1
_I8.20
_M1
_UDAMAGED
_ZMain Library Open Access Collection
999 _c54159
_d54159